00305nam a2200145Ia 45000030006000000080041000060400015000471000022000622450015000842500006000992600017001053000006001225460014001280050017001420STCL150530s9999 xx 000 0 und d aSTCLcSTCL aThiruvalla Sreeni aSankalanam a1 bAuthorc1983 a0 aMalayalam20220125170754.0